Focussing on some psychological dimensions of tribal (Record no. 1617)
[ view plain ]
| 000 -LEADER | |
|---|---|
| fixed length control field | 00768 a2200217 4500 |
| 010 ## - LIBRARY OF CONGRESS CONTROL NUMBER | |
| LC control number | ENG-85186 |
| 020 ## - INTERNATIONAL STANDARD BOOK NUMBER | |
| International Standard Book Number | 8188865214 |
| Terms of availability | 350.00 |
| 035 ## - SYSTEM CONTROL NUMBER | |
| System control number | EN-68719 |
| 037 ## - SOURCE OF ACQUISITION | |
| Source of stock number/acquisition | D.B.Act / Pub |
| 082 14 - DEWEY DECIMAL CLASSIFICATION NUMBER | |
| Classification number | 150 |
| 090 ## - LOCALLY ASSIGNED LC-TYPE CALL NUMBER (OCLC); LOCAL CALL NUMBER (OCLC) | |
| -- | 1646 |
| -- | 1646 |
| 100 1# - MAIN ENTRY--PERSONAL NAME | |
| Personal name | Bidyadhar S. A. |
| 245 1# - TITLE STATEMENT | |
| Title | Focussing on some psychological dimensions of tribal |
| Statement of responsibility, etc | by Bidyadhar S A |
| 260 ## - PUBLICATION, DISTRIBUTION, ETC. (IMPRINT) | |
| Place of publication, distribution, etc | Delhi |
| Name of publisher, distributor, etc | Gagandeep Publications, |
| Date of publication, distribution, etc | 2007. |
| 270 ## - ADDRESS | |
| Address | 212, Krishna Gali No. 2, Maujpur |
| City | Delhi |
| State or province | Delhi |
| Postal code | 110053 |
| Telephone number | 9312073850 |
| Electronic mail address | gagandeepbooks@yahoo.co.in |
| 300 ## - PHYSICAL DESCRIPTION | |
| Extent | xx, 123 p. |
| Other physical details | ill. |
| Dimensions | 23 cm (Hb) |
| 500 ## - GENERAL NOTE | |
| General note | Includes bibliographical references and index |
| 650 #0 - SUBJECT ADDED ENTRY--TOPICAL TERM | |
| Topical term or geographic name as entry element | Tribal |
| 942 ## - ADDED ENTRY ELEMENTS (KOHA) | |
| Institution code [OBSOLETE] | dpl |
| Koha item type | English Books |
| Call number prefix | 150 / BID |
| Withdrawn status | Lost status | Source of classification or shelving scheme | Damaged status | Not for loan | Collection code | Home library | Current library | Source of acquisition | Cost, normal purchase price | Total Checkouts | Full call number | Barcode | Date last seen | Copy number | Uniform Resource Identifier | Cost, replacement price | Price effective from | Koha item type |
|---|---|---|---|---|---|---|---|---|---|---|---|---|---|---|---|---|---|---|
| Dewey Decimal Classification | Not For Loan | Non-fiction | D.B.Act.Division | D.B.Act.Division | DBAD/PUB | 350.00 | 150 BID | EN-68719 | 15/09/2008 | 1 | 1698 | 350.00 | 15/09/2008 | English Books |
